Demographic Diversity of India (Record no. 12864)

MARC details
000 -LEADER
fixed length control field 00564nam a2200229 a 4500
020 ## - INTERNATIONAL STANDARD BOOK NUMBER
ISBN
082 00 - DEWEY DECIMAL CLASSIFICATION NUMBER
Classification number 312.9
Author Cutter BOS2
100 ## - MAIN ENTRY--AUTHOR NAME
Author name Bose, Ashish
245 ## - TITLE STATEMENT
Title Demographic Diversity of India
Sub title 1991 Census
260 ## - PUBLICATION, DISTRIBUTION, ETC. (IMPRINT)
Place of publication Delhi
Name of publisher B.R.Pub. Corpn
Year of publication 1991
300 ## - PHYSICAL DESCRIPTION
Number of Pages 454p
500 ## - GENERAL NOTE
General note includes index and biblioraphy
650 ## - SUBJECT ADDED ENTRY--TOPICAL TERM
Topical Term Census-India-1991
942 ## - ADDED ENTRY ELEMENTS (KOHA)
Koha item type Books
700 1# -
-- Bose, Ashish
Holdings
Collection code Home library Current library Date acquired Cost, normal purchase price Full call number Accession Number Koha item type
  Henry Martyn Institute Library Henry Martyn Institute Library 04/05/2007 175.00 312.9 BOS2 019440 Books
                   Copyright © 2026 | Henry Martyn Institute | Hyderabad | TS-500052 | INDIA | Implemented by hmi.edu.in
Hit-Count:

Powered by Koha